| 000 | 00788nam a2200229Ia 4500 | ||
|---|---|---|---|
| 005 | 20240530110935.0 | ||
| 008 | 140319s2008 xx 000 0 ara d | ||
| 040 |
_aGCL / _cGCL |
||
| 082 | 0 | 4 |
_b362.76 / _bك ح |
| 100 | 1 | _aكلير فهيم | |
| 245 | 1 | 0 |
_aحماية اطفال الشوراع : _bضحايا العنف / _cتاليف كلير فهيم |
| 250 | _aالاولى | ||
| 260 |
_aالقاهرة : _bمكتبة الانجلو المصرية ، _c2008 |
||
| 300 |
_a192 ص ؛ _c24 سم |
||
| 650 | 0 | 4 | _aتعليم الاطفال |
| 650 | 0 | 4 | _aالاطفال - العنف |
| 650 | 0 | 4 | _aاطفال بلا ماوى |
| 650 | 0 | 4 | _aاطفال الشوراع |
| 650 | 0 | 4 | _aالاطفال - رعاية |
| 942 |
_2ddc _cBK |
||
| 999 |
_c66717 _d66717 |
||